Los optimistas : (Record no. 41667)

MARC details
000 -LEADER
campo de control de longitud fija 01099nam a2200253 i 4500
001 - NÚMERO DE CONTROL
campo de control 41667
003 - IDENTIFICADOR DE NÚMERO DE CONTROL
campo de control ES-MaACL
005 - FECHA Y HORA DE LA ÚLTIMA TRANSACCIÓN
campo de control 20250902063053.0
007 - CAMPO FIJO DE DESCRIPCIÓN FÍSICA--INFORMACIÓN GENERAL
campo de control de longitud fija t|
008 - DATOS DE LONGITUD FIJA--INFORMACIÓN GENERAL
campo de control de longitud fija 030311s1914 cu ||||1| spa d
100 1# - ENTRADA PRINCIPAL--NOMBRE DE PERSONA
Nombre de persona Castellanos, Jesús,
Fechas asociadas al nombre 1879-1912
9 (RLIN) 36525
245 14 - MENCIÓN DEL TÍTULO
Título Los optimistas :
Resto del título lecturas y opiniones : crítica de arte /
Mención de responsabilidad, etc. Jesús Castellanos.
260 ## - PUBLICACIÓN, DISTRIBUCIÓN, ETC.
Lugar de publicación, distribución, etc. [Habana] :
Nombre del editor, distribuidor, etc. Academia Nacional de Artes y Letras,
Fecha de publicación, distribución, etc. 1914 (
Fabricante Talleres Gráf. del "Avisador Comercial")
300 ## - DESCRIPCIÓN FÍSICA
Extensión 431 p. ;
Dimensiones 21 cm.
490 1# - MENCIÓN DE SERIE
Mención de serie Colección póstuma publicada por la Academia Nacional de Artes y Letras ;
Designación de volumen o secuencia 1
530 ## - NOTA DISPONIBLE DE FORMULARIO FÍSICO ADICIONAL
Nota de formato físico adicional disponible Disponible en formato digital.
650 ## - PUNTO DE ACCESO ADICIONAL DE MATERIA--TÉRMINO DE MATERIA
Término de materia o nombre geográfico como elemento de entrada Literatura-
Subdivisión general Historia y crítica.
9 (RLIN) 14489
710 2# - ENTRADA AGREGADA--NOMBRE DE ENTIDAD CORPORATIVA
Nombre de entidad corporativa o nombre de jurisdicción como elemento de entrada Academia Nacional de Artes y Letras (Cuba)
9 (RLIN) 1211
830 10 - PUNTO DE ACCESO ADICIONAL DE SERIE-TÍTULO UNIFORME
Título uniforme Colección póstuma publicada por la Academia Nacional de Artes y Letras
Designación de volumen o secuencia 1
9 (RLIN) 192595
852 ## - LOCALIZACIÓN
Ubicación ES-MaACL
Número de control de estantería F-3451
Ubicación en estantería Depósito 2
Nota libre Revisado enlace: 9 de julio de 2025
856 4# - LOCALIZACIÓN Y ACCESO ELECTRÓNICOS
Identificador Uniforme de Recursos <a href="http://bdh-rd.bne.es/viewer.vm?id=0000064228&page=1 ">http://bdh-rd.bne.es/viewer.vm?id=0000064228&page=1 </a>
Texto de enlace Biblioteca Digital Hispánica
942 ## - ELEMENTOS DE ENTRADA SECUNDARIOS (KOHA)
Fuente del sistema de clasificación o colocación Clasificación decimal universal
Holdings
Estatus retirado Estado de pérdida Estado de daño No para préstamo Colección Biblioteca de origen Biblioteca actual Ubicación en estantería Fecha de adquisición Fuente de adquisición Total de préstamos Signatura topográfica completa Código de barras Visto por última vez Precio de reemplazo Tipo de ítem Koha
        Colección digital Biblioteca del Ateneo de Madrid Biblioteca del Ateneo de Madrid Depósito 2 14/02/2017     F-3451 1197006 23/02/2023 23/02/2023 Libro impreso